[Event "April 9 Late 2024"]
[Site "Chess.com"]
[Date "2024.04.09"]
[Round "5"]
[White "Vlachos, Anatole"]
[Black "Hoffmann, Asa"]
[Result "0-1"]
[Board "102"]
[WhiteFideId "26093189"]
[BlackFideId "2001470"]
[WhiteTitle "IM"]
[BlackTitle "FM"]
[WhiteElo "2553"]
[BlackElo "2348"]
[WhiteTeam "GRE"]
[BlackTeam "USA"]
[WhiteClock "0:00:02"]
[BlackClock "0:00:37"]
[Variant "Standard"]

1. Nf3 {[%clk 0:02:55]}  d6 {[%clk 0:02:59]} 2. g3 {[%clk 0:02:54]}  e5 {[%clk 0:02:56]} 3. Bg2 {[%clk 0:02:54]}  Nc6 {[%clk 0:02:54]} 4. O-O {[%clk 0:02:53]}  Nf6 {[%clk 0:02:54]} 5. c4 {[%clk 0:02:51]}  Be6 {[%clk 0:02:48]} 6. d3 {[%clk 0:02:47]}  h6 {[%clk 0:02:48]} 7. Nc3 {[%clk 0:02:47]}  Qd7 {[%clk 0:02:48]} 8. Re1 {[%clk 0:02:47]}  Be7 {[%clk 0:02:47]} 9. Rb1 {[%clk 0:02:45]}  a5 {[%clk 0:02:47]} 10. a3 {[%clk 0:02:45]}  O-O {[%clk 0:02:45]} 11. b4 {[%clk 0:02:45]}  axb4 {[%clk 0:02:44]} 12. axb4 {[%clk 0:02:46]}  Bh3 {[%clk 0:02:40]} 13. b5 {[%clk 0:02:44]}  Nd4 {[%clk 0:02:37]} 14. Bh1 {[%clk 0:02:39]}  c6 {[%clk 0:02:33]} 15. bxc6 {[%clk 0:02:32]}  bxc6 {[%clk 0:02:32]} 16. Nxd4 {[%clk 0:02:32]}  exd4 {[%clk 0:02:31]} 17. Ne4 {[%clk 0:02:33]}  Nxe4 {[%clk 0:02:19]} 18. Bxe4 {[%clk 0:02:34]}  Bf5 {[%clk 0:02:18]} 19. Bg2 {[%clk 0:02:24]}  Bf6 {[%clk 0:02:09]} 20. Rb6 {[%clk 0:02:12]}  Rfc8 {[%clk 0:02:04]} 21. Qb3 {[%clk 0:02:03]}  Rc7 {[%clk 0:02:01]} 22. Bf4 {[%clk 0:01:59]}  Rca7 {[%clk 0:01:48]} 23. Bxc6 {[%clk 0:01:55]}  Qc7 {[%clk 0:01:41]} 24. Bxa8 {[%clk 0:01:43]}  Rxa8 {[%clk 0:01:40]} 25. Bxd6 {[%clk 0:01:43]}  Qd7 {[%clk 0:01:39]} 26. Rb8+ {[%clk 0:01:41]}  Rxb8 {[%clk 0:01:38]} 27. Qxb8+ {[%clk 0:01:41]}  Kh7 {[%clk 0:01:38]} 28. Qb6 {[%clk 0:01:33]}  Qa4 {[%clk 0:01:34]} 29. Bc5 {[%clk 0:01:26]}  Qc2 {[%clk 0:01:31]} 30. Qb1 {[%clk 0:01:11]}  Qd2 {[%clk 0:01:24]} 31. Qc1 {[%clk 0:01:09]}  Qa5 {[%clk 0:01:20]} 32. Bd6 {[%clk 0:01:02]}  Bg5 {[%clk 0:01:15]} 33. Bf4 {[%clk 0:00:57]}  Bxf4 {[%clk 0:01:14]} 34. gxf4 {[%clk 0:00:58]}  Bh3 {[%clk 0:01:09]} 35. Kh1 {[%clk 0:00:43]}  Qh5 {[%clk 0:01:05]} 36. Qd2 {[%clk 0:00:35]}  Qh4 {[%clk 0:00:59]} 37. f3 {[%clk 0:00:11]}  Qf2 {[%clk 0:00:49]} 38. Rg1 {[%clk 0:00:11]}  Bf1 {[%clk 0:00:41]} 39. f5 {[%clk 0:00:05]}  Bxe2 {[%clk 0:00:38]} 40. Rg2 {[%clk 0:00:02]}  Qf1+ {[%clk 0:00:37]} 0-1

[Event "April 9 Late 2024"]
[Site "Chess.com"]
[Date "2024.04.09"]
[Round "5"]
[White "Seletsky, Grigory"]
[Black "Rohwer, Paul"]
[Result "1/2-1/2"]
[Board "109"]
[WhiteFideId "14112191"]
[BlackFideId "2007827"]
[WhiteTitle "FM"]
[WhiteElo "2515"]
[BlackElo "2301"]
[WhiteTeam "UKR"]
[BlackTeam "USA"]
[WhiteClock "0:00:23"]
[BlackClock "0:00:19"]
[Variant "Standard"]

1. e4 {[%clk 0:02:24]}  c5 {[%clk 0:03:00]} 2. Nf3 {[%clk 0:02:23]}  d6 {[%clk 0:03:01]} 3. c3 {[%clk 0:02:22]}  Nd7 {[%clk 0:02:49]} 4. d4 {[%clk 0:02:20]}  e5 {[%clk 0:02:50]} 5. d5 {[%clk 0:02:18]}  Be7 {[%clk 0:02:49]} 6. a4 {[%clk 0:02:18]}  Ngf6 {[%clk 0:02:49]} 7. Nbd2 {[%clk 0:02:15]}  O-O {[%clk 0:02:50]} 8. Bd3 {[%clk 0:02:15]}  g6 {[%clk 0:02:45]} 9. Qc2 {[%clk 0:02:15]}  Nh5 {[%clk 0:02:45]} 10. Nc4 {[%clk 0:02:15]}  Rb8 {[%clk 0:02:38]} 11. a5 {[%clk 0:02:13]}  b6 {[%clk 0:02:37]} 12. axb6 {[%clk 0:02:12]}  axb6 {[%clk 0:02:38]} 13. Na3 {[%clk 0:02:12]}  Ndf6 {[%clk 0:02:18]} 14. Bb5 {[%clk 0:02:08]}  Ra8 {[%clk 0:02:01]} 15. Bh6 {[%clk 0:02:04]}  Ng7 {[%clk 0:01:59]} 16. O-O {[%clk 0:02:04]}  Ng4 {[%clk 0:01:58]} 17. Bxg7 {[%clk 0:01:52]}  Kxg7 {[%clk 0:01:58]} 18. Nd2 {[%clk 0:01:52]}  f5 {[%clk 0:01:57]} 19. Nac4 {[%clk 0:01:49]}  Rxa1 {[%clk 0:01:55]} 20. Rxa1 {[%clk 0:01:45]}  fxe4 {[%clk 0:01:46]} 21. Nxe4 {[%clk 0:01:44]}  Bf5 {[%clk 0:01:42]} 22. f3 {[%clk 0:01:44]}  Nf6 {[%clk 0:01:39]} 23. Qd3 {[%clk 0:01:35]}  Nh5 {[%clk 0:01:39]} 24. g3 {[%clk 0:01:34]}  Nf6 {[%clk 0:01:32]} 25. Ncd2 {[%clk 0:01:27]}  Rf7 {[%clk 0:01:29]} 26. Kg2 {[%clk 0:01:25]}  h6 {[%clk 0:01:26]} 27. Ra7 {[%clk 0:01:19]}  Qb8 {[%clk 0:01:21]} 28. Ra4 {[%clk 0:01:15]}  Qf8 {[%clk 0:01:12]} 29. Ra1 {[%clk 0:01:09]}  Nxe4 {[%clk 0:01:07]} 30. Nxe4 {[%clk 0:01:07]}  g5 {[%clk 0:00:54]} 31. h3 {[%clk 0:00:59]}  Qc8 {[%clk 0:00:47]} 32. g4 {[%clk 0:00:55]}  Bg6 {[%clk 0:00:47]} 33. Qe2 {[%clk 0:00:45]}  Rf4 {[%clk 0:00:41]} 34. Ra7 {[%clk 0:00:42]}  Qd8 {[%clk 0:00:35]} 35. Bc6 {[%clk 0:00:38]}  Bxe4 {[%clk 0:00:32]} 36. fxe4 {[%clk 0:00:37]}  Rf7 {[%clk 0:00:27]} 37. Qa6 {[%clk 0:00:33]}  Qf8 {[%clk 0:00:24]} 38. Qe2 {[%clk 0:00:33]}  Bf6 {[%clk 0:00:22]} 39. Ra1 {[%clk 0:00:32]}  Bd8 {[%clk 0:00:21]} 40. b4 {[%clk 0:00:32]}  Qe7 {[%clk 0:00:19]} 41. b5 {[%clk 0:00:29]}  Qf6 {[%clk 0:00:15]} 42. c4 {[%clk 0:00:26]}  Qf4 {[%clk 0:00:14]} 43. Rf1 {[%clk 0:00:20]}  Qxf1+ {[%clk 0:00:14]} 44. Qxf1 {[%clk 0:00:21]}  Rxf1 {[%clk 0:00:14]} 45. Kxf1 {[%clk 0:00:21]}  Kf6 {[%clk 0:00:14]} 46. Kg2 {[%clk 0:00:21]}  Kg7 {[%clk 0:00:15]} 47. Kf3 {[%clk 0:00:21]}  Be7 {[%clk 0:00:15]} 48. Bd7 {[%clk 0:00:21]}  Bd8 {[%clk 0:00:15]} 49. Bf5 {[%clk 0:00:22]}  Be7 {[%clk 0:00:16]} 50. Kg3 {[%clk 0:00:22]}  Bd8 {[%clk 0:00:17]} 51. Kf3 {[%clk 0:00:22]}  Be7 {[%clk 0:00:18]} 52. Kg3 {[%clk 0:00:22]}  Bd8 {[%clk 0:00:19]} 53. Kf3 {[%clk 0:00:23]} 1/2-1/2

[Event "April 9 Late 2024"]
[Site "Chess.com"]
[Date "2024.04.10"]
[Round "5"]
[White "Bynum, Jacorey"]
[Black "Golubev, Mikhail"]
[Result "1-0"]
[Board "112"]
[WhiteFideId "39927644"]
[BlackFideId "14100983"]
[BlackTitle "GM"]
[WhiteElo "2405"]
[BlackElo "2603"]
[WhiteTeam "USA"]
[BlackTeam "UKR"]
[WhiteClock "0:00:23"]
[BlackClock "0:00:00"]
[Variant "Standard"]

1. e4 {[%clk 0:03:00]}  c5 {[%clk 0:02:59]} 2. Nf3 {[%clk 0:02:59]}  d6 {[%clk 0:02:59]} 3. d4 {[%clk 0:02:59]}  Nf6 {[%clk 0:02:59]} 4. Nc3 {[%clk 0:02:55]}  cxd4 {[%clk 0:02:58]} 5. Nxd4 {[%clk 0:02:56]}  g6 {[%clk 0:02:59]} 6. Be3 {[%clk 0:02:52]}  Bg7 {[%clk 0:02:58]} 7. Qd2 {[%clk 0:02:52]}  Nc6 {[%clk 0:02:57]} 8. f3 {[%clk 0:02:50]}  O-O {[%clk 0:02:55]} 9. Nb3 {[%clk 0:02:48]}  Be6 {[%clk 0:02:43]} 10. O-O-O {[%clk 0:02:46]}  Rc8 {[%clk 0:02:33]} 11. Bh6 {[%clk 0:02:33]}  Bxh6 {[%clk 0:02:16]} 12. Qxh6 {[%clk 0:02:34]}  Ne5 {[%clk 0:02:16]} 13. Nd4 {[%clk 0:02:19]}  Rxc3 {[%clk 0:02:04]} 14. bxc3 {[%clk 0:02:18]}  Qa5 {[%clk 0:02:03]} 15. Nxe6 {[%clk 0:02:13]}  fxe6 {[%clk 0:02:01]} 16. Qe3 {[%clk 0:02:09]}  Rc8 {[%clk 0:02:00]} 17. Kd2 {[%clk 0:02:08]}  Neg4 {[%clk 0:01:29]} 18. fxg4 {[%clk 0:01:59]}  Rxc3 {[%clk 0:01:27]} 19. Bd3 {[%clk 0:01:34]}  Nxg4 {[%clk 0:00:46]} 20. Qf4 {[%clk 0:01:22]}  Nf2 {[%clk 0:00:25]} 21. Ke2 {[%clk 0:01:08]}  Nxh1 {[%clk 0:00:21]} 22. Rf1 {[%clk 0:01:00]}  Qd8 {[%clk 0:00:14]} 23. Qf7+ {[%clk 0:00:49]}  Kh8 {[%clk 0:00:14]} 24. Rxh1 {[%clk 0:00:50]}  e5 {[%clk 0:00:08]} 25. Rf1 {[%clk 0:00:47]}  Rc7 {[%clk 0:00:03]} 26. Rf3 {[%clk 0:00:47]}  Qg8 {[%clk 0:00:02]} 27. Qxg8+ {[%clk 0:00:36]}  Kxg8 {[%clk 0:00:03]} 28. Kd2 {[%clk 0:00:36]}  Kg7 {[%clk 0:00:04]} 29. h3 {[%clk 0:00:34]}  h5 {[%clk 0:00:04]} 30. Rf1 {[%clk 0:00:34]}  b6 {[%clk 0:00:04]} 31. Rb1 {[%clk 0:00:35]}  Rc5 {[%clk 0:00:04]} 32. a4 {[%clk 0:00:33]}  Rc7 {[%clk 0:00:04]} 33. Rb4 {[%clk 0:00:33]}  Kf6 {[%clk 0:00:04]} 34. Rc4 {[%clk 0:00:33]}  Rxc4 {[%clk 0:00:03]} 35. Bxc4 {[%clk 0:00:34]}  Kg5 {[%clk 0:00:04]} 36. Ke3 {[%clk 0:00:34]}  Kh4 {[%clk 0:00:04]} 37. Kf3 {[%clk 0:00:33]}  Kg5 {[%clk 0:00:04]} 38. Bf7 {[%clk 0:00:33]}  Kf6 {[%clk 0:00:05]} 39. Be8 {[%clk 0:00:33]}  e6 {[%clk 0:00:05]} 40. h4 {[%clk 0:00:32]}  d5 {[%clk 0:00:05]} 41. Bc6 {[%clk 0:00:31]}  d4 {[%clk 0:00:05]} 42. g3 {[%clk 0:00:30]}  Ke7 {[%clk 0:00:05]} 43. Ke2 {[%clk 0:00:30]}  Kf6 {[%clk 0:00:05]} 44. Be8 {[%clk 0:00:30]}  Kg7 {[%clk 0:00:02]} 45. Kd3 {[%clk 0:00:30]}  Kf6 {[%clk 0:00:03]} 46. Kc4 {[%clk 0:00:31]}  a6 {[%clk 0:00:02]} 47. Kd3 {[%clk 0:00:29]}  Kg7 {[%clk 0:00:01]} 48. Kc4 {[%clk 0:00:29]}  Kf6 {[%clk 0:00:01]} 49. Bd7 {[%clk 0:00:28]}  g5 {[%clk 0:00:01]} 50. hxg5+ {[%clk 0:00:27]}  Kxg5 {[%clk 0:00:02]} 51. Bxe6 {[%clk 0:00:27]}  Kf6 {[%clk 0:00:03]} 52. Bc8 {[%clk 0:00:25]}  Ke7 {[%clk 0:00:03]} 53. Bxa6 {[%clk 0:00:23]}  Kd6 {[%clk 0:00:00]} 54. Bc8 {[%clk 0:00:23]} 1-0

[Event "April 9 Late 2024"]
[Site "Chess.com"]
[Date "2024.04.09"]
[Round "5"]
[White "Romanchuk, Viktor"]
[Black "Jun, Rudolf"]
[Result "0-1"]
[Board "113"]
[WhiteFideId "14109271"]
[BlackFideId "376612"]
[WhiteTitle "FM"]
[BlackTitle "FM"]
[WhiteElo "2551"]
[BlackElo "2397"]
[WhiteTeam "UKR"]
[BlackTeam "CZE"]
[WhiteClock "0:00:10"]
[BlackClock "0:00:13"]
[Variant "Standard"]

1. d4 {[%clk 0:02:57]}  Nf6 {[%clk 0:02:59]} 2. c4 {[%clk 0:02:56]}  e6 {[%clk 0:02:57]} 3. Nc3 {[%clk 0:02:55]}  Bb4 {[%clk 0:02:56]} 4. e3 {[%clk 0:02:53]}  b6 {[%clk 0:02:55]} 5. Ne2 {[%clk 0:02:52]}  Bb7 {[%clk 0:02:55]} 6. a3 {[%clk 0:02:52]}  Be7 {[%clk 0:02:55]} 7. d5 {[%clk 0:02:52]}  d6 {[%clk 0:02:51]} 8. Ng3 {[%clk 0:02:44]}  c6 {[%clk 0:02:46]} 9. e4 {[%clk 0:02:40]}  Nbd7 {[%clk 0:02:45]} 10. Be2 {[%clk 0:02:28]}  cxd5 {[%clk 0:02:42]} 11. cxd5 {[%clk 0:02:27]}  O-O {[%clk 0:02:30]} 12. dxe6 {[%clk 0:02:19]}  fxe6 {[%clk 0:02:29]} 13. O-O {[%clk 0:02:18]}  Nc5 {[%clk 0:02:27]} 14. e5 {[%clk 0:01:57]}  dxe5 {[%clk 0:02:22]} 15. b4 {[%clk 0:01:56]}  Qxd1 {[%clk 0:02:17]} 16. Rxd1 {[%clk 0:01:57]}  Nb3 {[%clk 0:02:16]} 17. Rb1 {[%clk 0:01:51]}  Nd4 {[%clk 0:02:13]} 18. Bd3 {[%clk 0:01:42]}  Rac8 {[%clk 0:02:09]} 19. Nce4 {[%clk 0:01:35]}  Nxe4 {[%clk 0:01:55]} 20. Bxe4 {[%clk 0:01:21]}  Bxe4 {[%clk 0:01:54]} 21. Nxe4 {[%clk 0:01:19]}  Rc2 {[%clk 0:01:44]} 22. Be3 {[%clk 0:01:14]}  Nf5 {[%clk 0:01:34]} 23. Rd7 {[%clk 0:00:54]}  Rc4 {[%clk 0:01:13]} 24. Nd2 {[%clk 0:00:48]}  Rc2 {[%clk 0:01:02]} 25. Ne4 {[%clk 0:00:34]}  Rc4 {[%clk 0:01:02]} 26. Ng3 {[%clk 0:00:27]}  Nxe3 {[%clk 0:00:34]} 27. Rxe7 {[%clk 0:00:26]}  Ng4 {[%clk 0:00:22]} 28. f3 {[%clk 0:00:22]}  Ne3 {[%clk 0:00:22]} 29. Re1 {[%clk 0:00:21]}  Nd5 {[%clk 0:00:20]} 30. Rxe6 {[%clk 0:00:20]}  Nf4 {[%clk 0:00:20]} 31. R6xe5 {[%clk 0:00:21]}  Rc2 {[%clk 0:00:18]} 32. Re8 {[%clk 0:00:17]}  Rxg2+ {[%clk 0:00:15]} 33. Kh1 {[%clk 0:00:17]}  Ra2 {[%clk 0:00:14]} 34. Rxf8+ {[%clk 0:00:18]}  Kxf8 {[%clk 0:00:15]} 35. Kg1 {[%clk 0:00:17]}  Rg2+ {[%clk 0:00:13]} 36. Kh1 {[%clk 0:00:15]}  Ra2 {[%clk 0:00:14]} 37. Kg1 {[%clk 0:00:15]}  Nh3+ {[%clk 0:00:14]} 38. Kh1 {[%clk 0:00:14]}  Nf2+ {[%clk 0:00:14]} 39. Kg1 {[%clk 0:00:15]}  Nd3 {[%clk 0:00:14]} 40. Re3 {[%clk 0:00:14]}  Nf2 {[%clk 0:00:12]} 41. Re2 {[%clk 0:00:13]}  Nh3+ {[%clk 0:00:11]} 42. Kh1 {[%clk 0:00:13]}  Ra1+ {[%clk 0:00:11]} 43. Kg2 {[%clk 0:00:11]}  Nf4+ {[%clk 0:00:12]} 44. Kf2 {[%clk 0:00:12]}  Nxe2 {[%clk 0:00:12]} 45. Nxe2 {[%clk 0:00:10]}  Rxa3 {[%clk 0:00:13]} 0-1

[Event "April 9 Late 2024"]
[Site "Chess.com"]
[Date "2024.04.09"]
[Round "5"]
[White "Merino Garcia, Rafael II"]
[Black "Matyunin, Maxim"]
[Result "1-0"]
[Board "114"]
[WhiteFideId "2209128"]
[BlackFideId "34106682"]
[WhiteTitle "FM"]
[BlackTitle "CM"]
[WhiteElo "2389"]
[BlackElo "2524"]
[WhiteTeam "ESP"]
[BlackTeam "RUS"]
[WhiteClock "0:00:40"]
[BlackClock "0:00:48"]
[Variant "Standard"]

1. d4 {[%clk 0:02:54]}  e6 {[%clk 0:02:59]} 2. Nf3 {[%clk 0:02:54]}  d5 {[%clk 0:02:59]} 3. e3 {[%clk 0:02:54]}  f5 {[%clk 0:02:59]} 4. c4 {[%clk 0:02:52]}  Nf6 {[%clk 0:02:58]} 5. Nbd2 {[%clk 0:02:51]}  c6 {[%clk 0:02:58]} 6. Bd3 {[%clk 0:02:49]}  Bd6 {[%clk 0:02:58]} 7. O-O {[%clk 0:02:50]}  O-O {[%clk 0:02:58]} 8. Ne5 {[%clk 0:02:49]}  Nbd7 {[%clk 0:02:58]} 9. Ndf3 {[%clk 0:02:48]}  Ne4 {[%clk 0:02:58]} 10. b3 {[%clk 0:02:45]}  Nxe5 {[%clk 0:02:57]} 11. Nxe5 {[%clk 0:02:43]}  Bxe5 {[%clk 0:02:55]} 12. dxe5 {[%clk 0:02:42]}  Bd7 {[%clk 0:02:54]} 13. f3 {[%clk 0:02:32]}  Ng5 {[%clk 0:02:47]} 14. f4 {[%clk 0:02:27]}  Ne4 {[%clk 0:02:47]} 15. Bxe4 {[%clk 0:02:27]}  fxe4 {[%clk 0:02:46]} 16. Ba3 {[%clk 0:02:26]}  Rf7 {[%clk 0:02:44]} 17. Bd6 {[%clk 0:02:24]}  Qh4 {[%clk 0:02:36]} 18. a4 {[%clk 0:02:11]}  g5 {[%clk 0:02:35]} 19. g3 {[%clk 0:02:06]}  Qh3 {[%clk 0:02:32]} 20. fxg5 {[%clk 0:01:55]}  Rxf1+ {[%clk 0:02:30]} 21. Qxf1 {[%clk 0:01:55]}  Qxf1+ {[%clk 0:02:25]} 22. Rxf1 {[%clk 0:01:53]}  b5 {[%clk 0:02:17]} 23. c5 {[%clk 0:01:49]}  a6 {[%clk 0:02:09]} 24. Ra1 {[%clk 0:01:45]}  Ra7 {[%clk 0:02:04]} 25. axb5 {[%clk 0:01:42]}  cxb5 {[%clk 0:02:04]} 26. b4 {[%clk 0:01:42]}  Bc6 {[%clk 0:02:00]} 27. Kg2 {[%clk 0:01:37]}  Kf7 {[%clk 0:02:00]} 28. g4 {[%clk 0:01:35]}  Kg6 {[%clk 0:01:59]} 29. h4 {[%clk 0:01:34]}  Kg7 {[%clk 0:01:50]} 30. h5 {[%clk 0:01:32]}  Be8 {[%clk 0:01:44]} 31. Kg3 {[%clk 0:01:25]}  Bc6 {[%clk 0:01:43]} 32. Rf1 {[%clk 0:01:18]}  Rf7 {[%clk 0:01:35]} 33. Rf6 {[%clk 0:01:14]}  Bd7 {[%clk 0:01:25]} 34. Kf4 {[%clk 0:01:08]}  a5 {[%clk 0:01:13]} 35. bxa5 {[%clk 0:00:58]}  b4 {[%clk 0:01:13]} 36. c6 {[%clk 0:00:57]}  Bxc6 {[%clk 0:01:13]} 37. Bxb4 {[%clk 0:00:56]}  Rxf6+ {[%clk 0:00:57]} 38. exf6+ {[%clk 0:00:55]}  Kf7 {[%clk 0:00:57]} 39. Ke5 {[%clk 0:00:52]}  Bb5 {[%clk 0:00:57]} 40. Bc5 {[%clk 0:00:44]}  Be2 {[%clk 0:00:57]} 41. g6+ {[%clk 0:00:42]}  hxg6 {[%clk 0:00:56]} 42. h6 {[%clk 0:00:42]}  d4 {[%clk 0:00:49]} 43. h7 {[%clk 0:00:40]}  d3 {[%clk 0:00:48]} 44. h8=Q {[%clk 0:00:40]}  d2 {[%clk 0:00:48]} 45. Qg7+ {[%clk 0:00:40]}  Ke8 {[%clk 0:00:48]} 46. Qe7# {[%clk 0:00:40]} 1-0

[Event "April 9 Late 2024"]
[Site "Chess.com"]
[Date "2024.04.09"]
[Round "5"]
[White "Silva Lucena, Cristian"]
[Black "Schuster, Karsten"]
[Result "1-0"]
[Board "116"]
[WhiteFideId "2232588"]
[BlackFideId "4611071"]
[WhiteTitle "FM"]
[BlackTitle "FM"]
[WhiteElo "2509"]
[BlackElo "2373"]
[WhiteTeam "ESP"]
[BlackTeam "GER"]
[WhiteClock "0:00:50"]
[BlackClock "0:00:18"]
[Variant "Standard"]

1. e4 {[%clk 0:02:59]}  d5 {[%clk 0:02:59]} 2. exd5 {[%clk 0:02:59]}  Qxd5 {[%clk 0:03:00]} 3. Nc3 {[%clk 0:02:59]}  Qd8 {[%clk 0:03:00]} 4. d4 {[%clk 0:02:59]}  c6 {[%clk 0:03:00]} 5. Bc4 {[%clk 0:02:59]}  Nf6 {[%clk 0:03:00]} 6. Nf3 {[%clk 0:03:00]}  Bf5 {[%clk 0:03:00]} 7. Ne5 {[%clk 0:03:00]}  e6 {[%clk 0:03:00]} 8. g4 {[%clk 0:03:00]}  Bg6 {[%clk 0:02:59]} 9. h4 {[%clk 0:02:58]}  b5 {[%clk 0:03:00]} 10. Bb3 {[%clk 0:02:57]}  b4 {[%clk 0:03:00]} 11. Na4 {[%clk 0:02:52]}  Be4 {[%clk 0:03:00]} 12. f3 {[%clk 0:02:51]}  Bd5 {[%clk 0:03:00]} 13. Bf4 {[%clk 0:02:43]}  Nbd7 {[%clk 0:02:56]} 14. h5 {[%clk 0:02:42]}  h6 {[%clk 0:02:55]} 15. Qe2 {[%clk 0:02:38]}  Nxe5 {[%clk 0:02:54]} 16. Bxe5 {[%clk 0:02:36]}  Bxb3 {[%clk 0:02:52]} 17. axb3 {[%clk 0:02:35]}  Be7 {[%clk 0:02:44]} 18. O-O-O {[%clk 0:02:34]}  Qd5 {[%clk 0:02:41]} 19. Kb1 {[%clk 0:02:33]}  Qb5 {[%clk 0:02:33]} 20. Qg2 {[%clk 0:02:23]}  O-O-O {[%clk 0:02:31]} 21. f4 {[%clk 0:02:19]}  Rhg8 {[%clk 0:02:27]} 22. g5 {[%clk 0:02:18]}  Nd5 {[%clk 0:02:24]} 23. Rhe1 {[%clk 0:02:02]}  f6 {[%clk 0:01:40]} 24. Qh3 {[%clk 0:02:00]}  fxe5 {[%clk 0:01:37]} 25. Qxe6+ {[%clk 0:01:59]}  Kb8 {[%clk 0:01:34]} 26. Rxe5 {[%clk 0:01:56]}  Rge8 {[%clk 0:01:30]} 27. Qf7 {[%clk 0:01:53]}  hxg5 {[%clk 0:01:23]} 28. fxg5 {[%clk 0:01:52]}  Qb7 {[%clk 0:01:23]} 29. Qg6 {[%clk 0:01:38]}  Qd7 {[%clk 0:01:16]} 30. h6 {[%clk 0:01:35]}  gxh6 {[%clk 0:01:15]} 31. gxh6 {[%clk 0:01:36]}  Bd6 {[%clk 0:01:14]} 32. Rxe8 {[%clk 0:01:23]}  Rxe8 {[%clk 0:01:15]} 33. h7 {[%clk 0:01:21]}  Ne7 {[%clk 0:01:05]} 34. Qg7 {[%clk 0:01:12]}  Qd8 {[%clk 0:00:58]} 35. Rh1 {[%clk 0:01:08]}  Rh8 {[%clk 0:00:58]} 36. Rg1 {[%clk 0:01:04]}  Qe8 {[%clk 0:00:57]} 37. Nc5 {[%clk 0:00:59]}  Bxc5 {[%clk 0:00:57]} 38. dxc5 {[%clk 0:01:00]}  a5 {[%clk 0:00:37]} 39. Re1 {[%clk 0:00:54]}  Qf8 {[%clk 0:00:29]} 40. Qxf8+ {[%clk 0:00:49]}  Rxf8 {[%clk 0:00:28]} 41. Rxe7 {[%clk 0:00:50]}  Rh8 {[%clk 0:00:20]} 42. Rg7 {[%clk 0:00:50]}  Kc8 {[%clk 0:00:18]} 43. Rg8+ {[%clk 0:00:50]} 1-0

[Event "April 9 Late 2024"]
[Site "Chess.com"]
[Date "2024.04.09"]
[Round "5"]
[White "Marina Kaydanovich"]
[Black "Senft, Sean"]
[Result "1-0"]
[Board "121"]
[WhiteFideId "4134877"]
[BlackFideId "2044960"]
[WhiteTitle "WIM"]
[WhiteElo "2270"]
[BlackElo "2468"]
[WhiteTeam "RUS"]
[BlackTeam "USA"]
[WhiteClock "0:02:17"]
[BlackClock "0:00:08"]
[Variant "Standard"]

1. d4 {[%clk 0:03:00]}  d5 {[%clk 0:01:05]} 2. c4 {[%clk 0:03:00]}  c6 {[%clk 0:01:02]} 3. Nc3 {[%clk 0:03:00]}  Nf6 {[%clk 0:01:02]} 4. Nf3 {[%clk 0:03:00]}  a6 {[%clk 0:01:01]} 5. cxd5 {[%clk 0:02:51]}  cxd5 {[%clk 0:01:01]} 6. Bf4 {[%clk 0:02:52]}  Nc6 {[%clk 0:01:01]} 7. e3 {[%clk 0:02:52]}  Bg4 {[%clk 0:01:01]} 8. Rc1 {[%clk 0:02:49]}  e6 {[%clk 0:01:02]} 9. Qb3 {[%clk 0:02:47]}  Ra7 {[%clk 0:01:01]} 10. Ne5 {[%clk 0:02:45]}  Be7 {[%clk 0:00:46]} 11. Nxc6 {[%clk 0:02:42]}  bxc6 {[%clk 0:00:47]} 12. Na4 {[%clk 0:02:42]}  O-O {[%clk 0:00:46]} 13. Qc2 {[%clk 0:02:36]}  Qa5+ {[%clk 0:00:41]} 14. Nc3 {[%clk 0:02:35]}  c5 {[%clk 0:00:31]} 15. dxc5 {[%clk 0:02:32]}  Bxc5 {[%clk 0:00:29]} 16. Bd3 {[%clk 0:02:33]}  Raa8 {[%clk 0:00:18]} 17. O-O {[%clk 0:02:33]}  Rfc8 {[%clk 0:00:17]} 18. a3 {[%clk 0:02:31]}  Qd8 {[%clk 0:00:16]} 19. Be5 {[%clk 0:02:30]}  Bd6 {[%clk 0:00:16]} 20. Bxf6 {[%clk 0:02:30]}  Qxf6 {[%clk 0:00:17]} 21. Bxh7+ {[%clk 0:02:30]}  Kh8 {[%clk 0:00:17]} 22. Bd3 {[%clk 0:02:29]}  Qh4 {[%clk 0:00:15]} 23. g3 {[%clk 0:02:28]}  Qh3 {[%clk 0:00:16]} 24. f3 {[%clk 0:02:28]}  Bh5 {[%clk 0:00:15]} 25. Qg2 {[%clk 0:02:27]}  Qxg2+ {[%clk 0:00:15]} 26. Kxg2 {[%clk 0:02:28]}  f6 {[%clk 0:00:14]} 27. e4 {[%clk 0:02:27]}  dxe4 {[%clk 0:00:14]} 28. Nxe4 {[%clk 0:02:28]}  Be7 {[%clk 0:00:14]} 29. Bc4 {[%clk 0:02:24]}  e5 {[%clk 0:00:14]} 30. Be6 {[%clk 0:02:21]}  Rd8 {[%clk 0:00:14]} 31. Rfd1 {[%clk 0:02:20]}  Bg6 {[%clk 0:00:13]} 32. Bd5 {[%clk 0:02:18]}  f5 {[%clk 0:00:10]} 33. Bxa8 {[%clk 0:02:17]}  Rxd1 {[%clk 0:00:09]} 34. Rxd1 {[%clk 0:02:17]}  fxe4 {[%clk 0:00:10]} 35. Bxe4 {[%clk 0:02:17]}  Bxe4 {[%clk 0:00:08]} 36. fxe4 {[%clk 0:02:17]} 1-0

[Event "April 9 Late 2024"]
[Site "Chess.com"]
[Date "2024.04.09"]
[Round "5"]
[White "Wanyama, Harold"]
[Black "De Souza, Arthur Olintho"]
[Result "1-0"]
[Board "124"]
[WhiteFideId "10000380"]
[BlackFideId "2116200"]
[WhiteTitle "FM"]
[WhiteElo "2429"]
[BlackElo "2189"]
[WhiteTeam "UGA"]
[BlackTeam "BRA"]
[WhiteClock "0:00:40"]
[BlackClock "0:00:00"]
[Variant "Standard"]

1. d4 {[%clk 0:02:54]}  d5 {[%clk 0:02:56]} 2. c4 {[%clk 0:02:53]}  Bf5 {[%clk 0:02:56]} 3. cxd5 {[%clk 0:02:50]}  Bxb1 {[%clk 0:02:56]} 4. Rxb1 {[%clk 0:02:50]}  Qxd5 {[%clk 0:02:56]} 5. a3 {[%clk 0:02:50]}  Nc6 {[%clk 0:02:56]} 6. Nf3 {[%clk 0:02:47]}  O-O-O {[%clk 0:02:55]} 7. Qa4 {[%clk 0:02:20]}  Nxd4 {[%clk 0:02:46]} 8. Be3 {[%clk 0:02:18]}  e5 {[%clk 0:02:39]} 9. g3 {[%clk 0:02:03]}  Bc5 {[%clk 0:01:24]} 10. Bg2 {[%clk 0:01:51]}  b5 {[%clk 0:00:45]} 11. Qa6+ {[%clk 0:01:43]}  Kb8 {[%clk 0:00:44]} 12. O-O {[%clk 0:01:42]}  Rd6 {[%clk 0:00:37]} 13. Nxd4 {[%clk 0:01:10]}  Qxg2+ {[%clk 0:00:22]} 14. Kxg2 {[%clk 0:01:08]}  Rxa6 {[%clk 0:00:22]} 15. Nxb5 {[%clk 0:00:57]}  Bxe3 {[%clk 0:00:22]} 16. fxe3 {[%clk 0:00:57]}  Nf6 {[%clk 0:00:22]} 17. Nc3 {[%clk 0:00:52]}  Rd8 {[%clk 0:00:20]} 18. Rbd1 {[%clk 0:00:52]}  Rad6 {[%clk 0:00:17]} 19. Rxd6 {[%clk 0:00:51]}  Rxd6 {[%clk 0:00:18]} 20. Rf5 {[%clk 0:00:48]}  Re6 {[%clk 0:00:14]} 21. e4 {[%clk 0:00:47]}  g6 {[%clk 0:00:13]} 22. Rf1 {[%clk 0:00:46]}  Kc8 {[%clk 0:00:13]} 23. Kf3 {[%clk 0:00:45]}  h5 {[%clk 0:00:11]} 24. h3 {[%clk 0:00:45]}  Kd7 {[%clk 0:00:10]} 25. Ke3 {[%clk 0:00:45]}  c6 {[%clk 0:00:11]} 26. Na4 {[%clk 0:00:43]}  Ke7 {[%clk 0:00:06]} 27. Nc5 {[%clk 0:00:43]}  Rd6 {[%clk 0:00:06]} 28. Nd3 {[%clk 0:00:42]}  Ke6 {[%clk 0:00:04]} 29. Rc1 {[%clk 0:00:42]}  Rd4 {[%clk 0:00:00]} 30. Nf2 {[%clk 0:00:40]} 1-0